[Event "Polar Capital Jersey op"]
[Site "St Helier"]
[Date "2018.04.04"]
[Round "6.3"]
[White "L'Ami, Alina"]
[Black "Hillarp Persson, Tiger"]
[Result "1/2-1/2"]
[WhiteElo "2306"]
[BlackElo "2541"]
[PlyCount "112"]
[EventDate "2018.03.31"]
[EventType "swiss"]
[EventRounds "9"]
[EventCountry "JCI"]

1. d4 Nf6 2. c4 g6 3. Nc3 Bg7 4. e4 d6 5. h3 O-O 6. Bg5 c5 7. d5 e6 8. Bd3 exd5
9. cxd5 Re8 10. Nf3 c4 11. Bc2 b5 12. a3 Na6 13. O-O Nc5 14. Re1 Qb6 15. e5
dxe5 16. Nxe5 Bb7 17. Qf3 a6 18. Rad1 Rac8 19. Nc6 Bxc6 20. Bxf6 Bb7 21. Bxg7
Kxg7 22. h4 Qd6 23. h5 Re5 24. Rxe5 Qxe5 25. h6+ Kf8 26. Qe3 Qxe3 27. fxe3 Ke7
28. e4 Nd7 29. g4 f6 30. Kf2 Ne5 31. Rg1 Rf8 32. Ke3 Bc8 33. g5 fxg5 34. Rxg5
Kd6 35. Bd1 Bd7 36. Kd4 Rf3 37. Be2 Rd3+ 38. Bxd3 Nf3+ 39. Ke3 Nxg5 40. Be2 Ke5
41. a4 Nf7 42. Na2 Nd6 43. Nb4 bxa4 44. Nxa6 c3 45. Nc5 Bb5 46. Bxb5 Nxb5 47.
Nxa4 c2 48. Kd2 Kxe4 49. Nc3+ Nxc3 50. bxc3 Kxd5 51. Kxc2 Ke4 52. Kd2 Kf3 53.
c4 Ke4 54. Kc3 g5 55. c5 Kd5 56. Kd3 Kxc5 1/2-1/2

[Event "Polar Capital Jersey op"]
[Site "St Helier"]
[Date "2018.04.04"]
[Round "6.5"]
[White "Pruijssers, Roeland"]
[Black "Woudsma, Martijn"]
[Result "1-0"]
[WhiteElo "2523"]
[BlackElo "2262"]
[PlyCount "77"]
[EventDate "2018.03.31"]
[EventType "swiss"]
[EventRounds "9"]
[EventCountry "JCI"]

1. e4 c5 2. Nf3 d6 3. d4 cxd4 4. Nxd4 Nf6 5. Nc3 a6 6. Be3 e6 7. f4 Qc7 8. Qf3
b5 9. a3 Bb7 10. Bd3 Nbd7 11. O-O Rc8 12. Rae1 h5 13. Kh1 Be7 14. Bg1 h4 15.
Qh3 Nc5 16. Nb3 Nxd3 17. cxd3 Nh5 18. Be3 Bf6 19. d4 g5 20. fxg5 Ng3+ 21. hxg3
hxg3 22. Rxf6 Rxh3+ 23. gxh3 a5 24. g6 fxg6 25. Rxe6+ Kf7 26. d5 b4 27. Nb5 Qc2
28. Nxd6+ Kg7 29. Nd2 bxa3 30. bxa3 Rc3 31. Re7+ Kg8 32. Re8+ Kh7 33. Re7+ Kg8
34. Bd4 g2+ 35. Kg1 Rc8 36. Nf3 Qd3 37. Nxc8 Qxf3 38. Re8+ Kf7 39. Nd6# 1-0

[Event "Polar Capital Jersey op"]
[Site "St Helier"]
[Date "2018.04.04"]
[Round "6.6"]
[White "Eggleston, David J"]
[Black "Stewart, Ashley"]
[Result "1/2-1/2"]
[WhiteElo "2409"]
[BlackElo "2148"]
[PlyCount "60"]
[EventDate "2018.03.31"]
[EventType "swiss"]
[EventRounds "9"]
[EventCountry "JCI"]

1. e4 c5 2. Nf3 g6 3. d4 cxd4 4. Nxd4 Nc6 5. c4 Nf6 6. Nc3 Nxd4 7. Qxd4 d6 8.
Bg5 Bg7 9. Be2 O-O 10. Qd2 a5 11. O-O a4 12. f3 Qa5 13. Rac1 Be6 14. Nd5 Qxd2
15. Nxe7+ Kh8 16. Bxd2 Rfe8 17. Nd5 Nxd5 18. cxd5 Bxd5 19. Bb5 Re5 20. Bxa4
Bxa2 21. b3 Rc5 22. Rxc5 Bd4+ 23. Kh1 dxc5 24. Rc1 b5 25. Bxb5 Bxb3 26. h4 Ra1
27. Rxa1 Bxa1 28. Bc6 Kg7 29. Bg5 Bf6 30. Kg1 h6 1/2-1/2

[Event "Polar Capital Jersey op"]
[Site "St Helier"]
[Date "2018.04.04"]
[Round "6.7"]
[White "Wadsworth, Matthew J"]
[Black "Kabos, Tobias"]
[Result "1-0"]
[WhiteElo "2354"]
[BlackElo "2253"]
[PlyCount "35"]
[EventDate "2018.03.31"]
[EventType "swiss"]
[EventRounds "9"]
[EventCountry "JCI"]

1. c4 c5 2. g3 Nf6 3. Bg2 d5 4. cxd5 Nxd5 5. Nc3 Nc7 6. Nf3 Nc6 7. O-O e5 8. b3
Be7 9. Bb2 O-O 10. Rc1 Qd7 11. Ne4 Qd5 12. Ne1 Bh3 13. Nf6+ gxf6 14. Bxd5 Nxd5
15. Nd3 Bxf1 16. Qxf1 b6 17. Qg2 Rfd8 18. f4 1-0

[Event "Polar Capital Jersey op"]
[Site "St Helier"]
[Date "2018.04.04"]
[Round "6.8"]
[White "Ahluwalia, Amardip"]
[Black "Ansell, Simon T"]
[Result "1/2-1/2"]
[WhiteElo "2052"]
[BlackElo "2342"]
[PlyCount "137"]
[EventDate "2018.03.31"]
[EventType "swiss"]
[EventRounds "9"]
[EventCountry "JCI"]

1. e4 c5 2. Nf3 Nc6 3. Bb5 e6 4. O-O Nge7 5. Re1 a6 6. Bf1 d5 7. d3 d4 8. e5
Ng6 9. g3 Qc7 10. Qe2 b6 11. h4 h5 12. Bg2 Bb7 13. c3 dxc3 14. bxc3 Rd8 15.
Nbd2 Qd7 16. Rb1 b5 17. Bf1 Be7 18. Bb2 Qc7 19. Bg2 Rd7 20. Rbd1 Qd8 21. Nf1
Qa8 22. N1h2 Bd8 23. d4 cxd4 24. cxd4 Nce7 25. Rc1 Nd5 26. Red1 Nge7 27. Ne1
Nf5 28. Nd3 Bb6 29. Nf3 Rc7 30. Rxc7 Bxc7 31. Nc5 Bc6 32. Ne1 Bd8 33. Ne4 Be7
34. Rc1 O-O 35. Qxh5 Nf4 36. Nf6+ Bxf6 37. gxf4 Bxg2 38. exf6 Bd5 39. Qg5 Rc8
40. Rxc8+ Qxc8 41. fxg7 Qc4 42. Qd8+ Kxg7 43. Qg5+ Kh7 44. Qh5+ Nh6 45. a3 Qb3
46. Qe2 Qh3 47. Qd3+ Qxd3 48. Nxd3 Kg6 49. Nc5 a5 50. Bc3 a4 51. Kh2 Nf5 52.
Kh3 Bf3 53. Nd3 f6 54. Nc5 Bd5 55. Kg4 Nh6+ 56. Kh3 Bc4 57. Kg3 Nf5+ 58. Kg4
Be2+ 59. Kh3 Bc4 60. Kg4 Nh6+ 61. Kg3 Kh5 62. Nd7 Nf5+ 63. Kh2 Kg6 64. Kh3 Bf1+
65. Kg4 Be2+ 66. Kh3 Ng7 67. d5 exd5 68. Nxf6 Bf3 69. h5+ 1/2-1/2

[Event "Polar Capital Jersey op"]
[Site "St Helier"]
[Date "2018.04.04"]
[Round "6.9"]
[White "Okhai, Shabir"]
[Black "Williams, Simon K"]
[Result "0-1"]
[WhiteElo "2090"]
[BlackElo "2460"]
[PlyCount "70"]
[EventDate "2018.03.31"]
[EventType "swiss"]
[EventRounds "9"]
[EventCountry "JCI"]

1. e4 e6 2. d4 d5 3. Nd2 Nf6 4. e5 Nfd7 5. Bd3 c5 6. c3 Nc6 7. Ne2 cxd4 8. cxd4
f6 9. exf6 Qxf6 10. Nf3 Bb4+ 11. Bd2 Bxd2+ 12. Qxd2 O-O 13. O-O e5 14. dxe5
Ndxe5 15. Nxe5 Nxe5 16. Bc2 Be6 17. Nd4 Bf7 18. Rad1 Rad8 19. b3 Rfe8 20. Rfe1
Nc6 21. Nxc6 bxc6 22. Bb1 d4 23. Be4 Rd6 24. Rc1 Red8 25. Red1 Bg6 26. Bxg6
Qxg6 27. Qa5 d3 28. Rxc6 Qg4 29. Rcc1 d2 30. Rb1 Qe4 31. h3 R8d7 32. Qc3 Rc6
33. Qe3 Qxe3 34. fxe3 Rc2 35. a4 Rdc7 0-1

[Event "Polar Capital Jersey op"]
[Site "St Helier"]
[Date "2018.04.04"]
[Round "6.10"]
[White "Verma, Aditya"]
[Black "Rudd, Jack"]
[Result "1-0"]
[WhiteElo "2002"]
[BlackElo "2276"]
[PlyCount "61"]
[EventDate "2018.03.31"]
[EventType "swiss"]
[EventRounds "9"]
[EventCountry "JCI"]

1. e4 c6 2. d4 d5 3. f3 Nf6 4. e5 Nfd7 5. f4 e6 6. Nf3 c5 7. c3 Nc6 8. Be2 Be7
9. O-O O-O 10. Be3 Rb8 11. a3 b5 12. Qc2 f5 13. exf6 gxf6 14. Nbd2 c4 15. Kh1
a5 16. g4 e5 17. fxe5 fxe5 18. Bh6 Rf6 19. g5 Re6 20. Rg1 e4 21. Nh4 Nf8 22.
Bxf8 Bxf8 23. Raf1 Ne7 24. Bg4 Reb6 25. Qd1 Bg7 26. Bxc8 Qxc8 27. Qh5 Qe6 28.
Rf6 Qd7 29. Qf7+ Kh8 30. Nf5 Bf8 31. Rxb6 1-0

[Event "Polar Capital Jersey op"]
[Site "St Helier"]
[Date "2018.04.04"]
[Round "6.11"]
[White "Mitchell, Martin"]
[Black "Modi, Kishan J"]
[Result "1-0"]
[WhiteElo "2237"]
[BlackElo "1850"]
[PlyCount "123"]
[EventDate "2018.03.31"]
[EventType "swiss"]
[EventRounds "9"]
[EventCountry "JCI"]

1. d4 d5 2. c4 dxc4 3. Nf3 Nf6 4. e3 e6 5. Bxc4 c5 6. O-O a6 7. Bd3 b5 8. a4 c4
9. Be2 Bb7 10. axb5 axb5 11. Rxa8 Bxa8 12. b3 Bd5 13. bxc4 bxc4 14. Bxc4 Bxc4
15. Qa4+ Nbd7 16. Qxc4 Be7 17. Ba3 Bxa3 18. Nxa3 O-O 19. Rc1 Nb6 20. Qc6 Qa8
21. Nb5 Qxc6 22. Rxc6 Ra8 23. h3 Nbd5 24. Nd6 Ne8 25. Nxe8 Rxe8 26. Ra6 f6 27.
g3 Kf7 28. Ra7+ Re7 29. Rxe7+ Kxe7 30. Kf1 Nc3 31. Nd2 Kd6 32. f3 Kd5 33. Nb3
e5 34. dxe5 fxe5 35. e4+ Kc4 36. Na5+ Kc5 37. Nb7+ Kd4 38. Nd8 Ke3 39. Kg2 Nb5
40. Nc6 Nc7 41. Nxe5 Ne6 42. Ng4+ Ke2 43. f4 Kd3 44. e5 Ke4 45. Nf2+ Kf5 46.
Kf3 Nd4+ 47. Ke3 Nc2+ 48. Kd2 Nd4 49. Kd3 Nc6 50. Ke3 h5 51. g4+ hxg4 52. hxg4+
Ke6 53. Ke4 g6 54. f5+ gxf5+ 55. gxf5+ Ke7 56. Nd3 Kf7 57. Nf4 Nb8 58. e6+ Ke7
59. Kd5 Na6 60. Ke5 Nc5 61. f6+ Kf8 62. Ng6+ 1-0

[Event "Polar Capital Jersey op"]
[Site "St Helier"]
[Date "2018.04.04"]
[Round "6.12"]
[White "Bryant, Richard BE"]
[Black "Klingher, Dominic"]
[Result "0-1"]
[WhiteElo "1932"]
[BlackElo "2173"]
[PlyCount "46"]
[EventDate "2018.03.31"]
[EventType "swiss"]
[EventRounds "9"]
[EventCountry "JCI"]

1. e4 e6 2. d4 d5 3. Nc3 Nf6 4. e5 Nfd7 5. f4 c5 6. Nf3 Nc6 7. Be3 Be7 8. Ne2
Qb6 9. Qc1 f6 10. c3 O-O 11. g3 fxe5 12. dxe5 Qa5 13. Bd2 Qb6 14. Be3 g5 15.
Bh3 d4 16. Bf2 d3 17. Neg1 h5 18. Bxe6+ Kg7 19. Bd5 g4 20. Nh4 Ncxe5 21. fxe5
Nxe5 22. Qd2 Qf6 23. Be3 Qf1# 0-1

[Event "Polar Capital Jersey op"]
[Site "St Helier"]
[Date "2018.04.04"]
[Round "6.13"]
[White "Kahn, Tito"]
[Black "Belzo, Krzysztof"]
[Result "1/2-1/2"]
[WhiteElo "1897"]
[BlackElo "2103"]
[PlyCount "53"]
[EventDate "2018.03.31"]
[EventType "swiss"]
[EventRounds "9"]
[EventCountry "JCI"]

1. d4 g6 2. e4 Bg7 3. Nf3 c5 4. d5 d6 5. Nc3 a6 6. a4 f5 7. exf5 Bxf5 8. Bd3
Bc8 9. Bg5 Nd7 10. O-O Nh6 11. Re1 Nf6 12. Qd2 Nf7 13. Nh4 O-O 14. Re2 Ne5 15.
Rae1 Nxd3 16. Qxd3 Rf7 17. h3 Qf8 18. b3 Bd7 19. f4 Re8 20. Nd1 Nh5 21. f5 Bd4+
22. Kh2 Bxf5 23. Nxf5 Rxf5 24. Bxe7 Rxe7 25. Rxe7 Be5+ 26. R1xe5 Rxe5 27. Rxe5
1/2-1/2

[Event "Polar Capital Jersey op"]
[Site "St Helier"]
[Date "2018.04.04"]
[Round "6.14"]
[White "Modi, Shyam Jagdish"]
[Black "Le Quang, Kim"]
[Result "0-1"]
[WhiteElo "1945"]
[BlackElo "2267"]
[PlyCount "52"]
[EventDate "2018.03.31"]
[EventType "swiss"]
[EventRounds "9"]
[EventCountry "JCI"]

1. d4 Nf6 2. c4 g6 3. Nf3 Bg7 4. g3 O-O 5. Bg2 d6 6. O-O c6 7. Nc3 Qa5 8. e4 e5
9. h3 Nbd7 10. Re1 exd4 11. Nxd4 Re8 12. Be3 Ne5 13. Bf1 c5 14. Ndb5 Nxe4 15.
Nxe4 Qxe1 16. Qxe1 Nf3+ 17. Kh1 Nxe1 18. Nexd6 Rxe3 19. fxe3 Nc2 20. Rc1 Nxe3
21. Bg2 Nxg2 22. Kxg2 Bd7 23. Rc2 Bc6+ 24. Kh2 Rd8 25. Rd2 Bxb5 26. cxb5 Bh6
0-1

[Event "Polar Capital Jersey op"]
[Site "St Helier"]
[Date "2018.04.04"]
[Round "6.15"]
[White "Wojciechowski, Paul"]
[Black "Byron, Alan M"]
[Result "1/2-1/2"]
[WhiteElo "1895"]
[BlackElo "2128"]
[PlyCount "101"]
[EventDate "2018.03.31"]
[EventType "swiss"]
[EventRounds "9"]
[EventCountry "JCI"]

1. e4 c5 2. Nf3 e6 3. d4 cxd4 4. Nxd4 a6 5. Nc3 Qc7 6. Be3 Nf6 7. Qd2 b5 8. f3
Nc6 9. g4 Bb7 10. g5 Nh5 11. O-O-O Bb4 12. Nxc6 Bxc6 13. Kb1 Ba5 14. Qd4 Rb8
15. Ne2 Bb6 16. Qd3 Bxe3 17. Qxe3 O-O 18. f4 f5 19. Bg2 Rbc8 20. Rhg1 g6 21.
Ng3 Nxg3 22. hxg3 Qb7 23. Rge1 Rc7 24. Rd2 b4 25. Ree2 fxe4 26. Bxe4 a5 27. Bd3
Bd5 28. Rh2 Qa7 29. Qxa7 Rxa7 30. Rh6 Rf7 31. Rdh2 Rg7 32. b3 a4 33. Rd2 Ra5
34. Rh4 Kf8 35. Rdh2 Kg8 36. Rd2 d6 37. Re2 Rc7 38. Reh2 Rg7 39. Re2 Rc7 40.
Reh2 Rg7 41. Rd2 Rga7 42. Rdh2 axb3 43. cxb3 Bxb3 44. Bxg6 Bxa2+ 45. Kb2 Bd5
46. Bxh7+ Kf8 47. Bb1 Rg7 48. Rh8+ Rg8 49. R8h7 Rg7 50. Rh8+ Rg8 51. R8h7
1/2-1/2

[Event "Polar Capital Jersey op"]
[Site "St Helier"]
[Date "2018.04.04"]
[Round "6.16"]
[White "Heppell, Ian N"]
[Black "Pitcher, Thomas"]
[Result "1/2-1/2"]
[WhiteElo "2035"]
[BlackElo "1910"]
[PlyCount "102"]
[EventDate "2018.03.31"]
[EventType "swiss"]
[EventRounds "9"]
[EventCountry "JCI"]

1. e4 e6 2. d4 d5 3. Nc3 Nf6 4. e5 Nfd7 5. f4 c5 6. Nf3 Nc6 7. Be3 a6 8. Qd2 b5
9. g3 b4 10. Ne2 Nb6 11. b3 c4 12. f5 exf5 13. Nf4 c3 14. Qf2 Be7 15. Bd3 Be6
16. h4 Qd7 17. Nh5 g6 18. Nf6+ Bxf6 19. exf6 Qd8 20. Ne5 Bd7 21. Qe2 Qxf6 22.
Bxa6 O-O 23. Nxc6 Bxc6 24. Bd3 Rfe8 25. O-O Re6 26. Qf2 Qe7 27. Bg5 f6 28. Bf4
Qd7 29. Rfe1 Rxe1+ 30. Qxe1 Nc8 31. a4 Nd6 32. Bxd6 Qxd6 33. Qf2 Bb7 34. Re1
Bc6 35. Kg2 Kf7 36. Qf4 Qxf4 37. gxf4 h6 38. Kf3 Bd7 39. Rg1 Rg8 40. a5 Ra8 41.
a6 Ra7 42. Ra1 g5 43. Ra5 Ke6 44. Rc5 Kd6 45. Kg3 Bc6 46. fxg5 fxg5 47. hxg5
hxg5 48. Bxf5 Rxa6 49. Kg4 Ra1 50. Kxg5 Rd1 51. Bd3 Ra1 1/2-1/2

[Event "Polar Capital Jersey op"]
[Site "St Helier"]
[Date "2018.04.04"]
[Round "6.17"]
[White "Held, Thomas"]
[Black "Jackson, Sheila"]
[Result "1/2-1/2"]
[WhiteElo "2056"]
[BlackElo "2108"]
[PlyCount "43"]
[EventDate "2018.03.31"]
[EventType "swiss"]
[EventRounds "9"]
[EventCountry "JCI"]

1. e4 e5 2. Nf3 Nc6 3. Bb5 a6 4. Ba4 Nf6 5. Qe2 Be7 6. c3 d6 7. O-O b5 8. Bc2
O-O 9. d4 Bg4 10. Rd1 Qc8 11. h3 Bh5 12. a4 Rb8 13. axb5 axb5 14. d5 Nd8 15.
Nbd2 c6 16. dxc6 Qxc6 17. Nf1 Ne6 18. Ng3 Bg6 19. Nh4 Rfe8 20. Nhf5 Bf8 21. Qf3
Ra8 22. Be3 1/2-1/2

[Event "Polar Capital Jersey op"]
[Site "St Helier"]
[Date "2018.04.04"]
[Round "6.18"]
[White "Hewson, Brian Wr"]
[Black "Jaufarally, Nadia"]
[Result "1/2-1/2"]
[WhiteElo "2044"]
[BlackElo "1849"]
[PlyCount "75"]
[EventDate "2018.03.31"]
[EventType "swiss"]
[EventRounds "9"]
[EventCountry "JCI"]

1. d4 Nf6 2. Nf3 g6 3. Bg5 Bg7 4. Nbd2 d6 5. h3 O-O 6. e4 c5 7. dxc5 dxc5 8.
Bc4 Nc6 9. O-O Nd7 10. c3 Nde5 11. Nxe5 Nxe5 12. Be2 h6 13. Be3 b6 14. Nc4 Qxd1
15. Rfxd1 Ba6 16. Nxe5 Bxe2 17. Rd2 Bxe5 18. Rxe2 h5 19. Rd1 Rfd8 20. Red2 Rxd2
21. Rxd2 Bd6 22. a4 a6 23. Rd5 Rd8 24. Kf1 Bc7 25. Rxd8+ Bxd8 26. a5 Kf8 27.
axb6 Bxb6 28. b4 cxb4 29. Bh6+ Ke8 30. cxb4 Kd7 31. Ke2 Kc6 32. Bf8 e6 33. f3
Kb5 34. Kd3 Bf2 35. Kc3 f5 36. Kb3 Bb6 37. Kc3 Bf2 38. Kb3 1/2-1/2

[Event "Polar Capital Jersey op"]
[Site "St Helier"]
[Date "2018.04.04"]
[Round "6.19"]
[White "Livesey, R  Nigel"]
[Black "van Leusden, Dennis"]
[Result "0-1"]
[WhiteElo "1753"]
[BlackElo "2035"]
[PlyCount "110"]
[EventDate "2018.03.31"]
[EventType "swiss"]
[EventRounds "9"]
[EventCountry "JCI"]

1. c4 c5 2. g3 Nf6 3. Bg2 d5 4. cxd5 Nxd5 5. Nc3 Nc7 6. Nf3 Nc6 7. O-O e5 8. b3
Be7 9. Bb2 O-O 10. Ne1 f6 11. Nd3 Qd7 12. f4 exf4 13. Nxf4 b6 14. e3 Ba6 15.
Re1 Rad8 16. Ncd5 Bc8 17. Qh5 Bd6 18. Nxc7 Bxf4 19. Qd5+ Qf7 20. Qxf7+ Rxf7 21.
Nb5 Be5 22. d4 cxd4 23. Bxc6 d3 24. Nd4 Bg4 25. Red1 Bxd1 26. Rxd1 Bxd4 27.
exd4 Re7 28. Rd2 Rd6 29. Ba3 Re2 30. Bxd6 Rxd2 31. Bd5+ Kh8 32. Bc4 Rxa2 33.
Bxd3 Rd2 34. Bc4 Rxd4 35. Bb8 b5 36. Be6 a5 37. h4 a4 38. bxa4 bxa4 39. Ba7 Rd6
40. Bc4 a3 41. Be3 Rc6 42. Bd5 Rc2 43. Bf7 a2 44. Bxa2 Rxa2 45. Bf2 Kg8 46. Kg2
Kf7 47. Kf3 Rxf2+ 48. Kxf2 Ke6 49. g4 f5 50. gxf5+ Kxf5 51. Kf3 h5 52. Kg3 Ke4
53. Kg2 Kf4 54. Kh3 Kf3 55. Kh2 Kg4 0-1

[Event "Polar Capital Jersey op"]
[Site "St Helier"]
[Date "2018.04.04"]
[Round "6.20"]
[White "Safarian, Alek"]
[Black "Spanton, Tim R"]
[Result "1-0"]
[WhiteElo "2024"]
[BlackElo "1851"]
[PlyCount "109"]
[EventDate "2018.03.31"]
[EventType "swiss"]
[EventRounds "9"]
[EventCountry "JCI"]

1. d4 d5 2. c4 e6 3. Nf3 Nf6 4. Nc3 c5 5. e3 Nc6 6. dxc5 Bxc5 7. cxd5 exd5 8.
Be2 O-O 9. O-O Bg4 10. Nd4 Bxd4 11. Bxg4 Bxc3 12. bxc3 Nxg4 13. Qxg4 Qf6 14.
Rb1 b6 15. Rd1 Ne5 16. Qd4 Nf3+ 17. gxf3 Qg6+ 18. Kf1 Qxb1 19. Ba3 Qb5+ 20. c4
Qxc4+ 21. Qxc4 dxc4 22. Bxf8 Kxf8 23. Rd7 b5 24. Ke2 a5 25. Rc7 a4 26. Rb7 c3
27. Rxb5 Rd8 28. Rc5 Rd2+ 29. Ke1 Rxa2 30. Rxc3 a3 31. f4 g6 32. Kf1 Kg7 33.
Kg2 Ra1 34. Kf3 Kh6 35. Rd3 a2 36. Ra3 Rh1 37. Rxa2 Rxh2 38. e4 Rh3+ 39. Kg4
Rb3 40. Ra7 Kg7 41. e5 Rb6 42. f5 gxf5+ 43. Kxf5 h5 44. Kg5 Rh6 45. f4 h4 46.
f5 h3 47. f6+ Kh7 48. Rxf7+ Kg8 49. Rg7+ Kf8 50. e6 h2 51. e7+ Ke8 52. Rg8+ Kd7
53. e8=Q+ Kd6 54. Qe7+ Kc6 55. Rc8+ 1-0

[Event "Polar Capital Jersey op"]
[Site "St Helier"]
[Date "2018.04.05"]
[Round "7.1"]
[White "Speelman, Jon S"]
[Black "Merry, Alan B"]
[Result "1-0"]
[WhiteElo "2501"]
[BlackElo "2436"]
[PlyCount "77"]
[EventDate "2018.03.31"]
[EventType "swiss"]
[EventRounds "9"]
[EventCountry "JCI"]

1. Nf3 d5 2. g3 Nc6 3. d4 Bf5 4. Bg2 Nb4 5. Na3 c6 6. O-O h6 7. c3 Na6 8. Nd2
Nf6 9. f3 e6 10. e4 Bh7 11. Re1 Be7 12. b4 O-O 13. Nb3 dxe4 14. fxe4 e5 15.
dxe5 Qxd1 16. Rxd1 Nxe4 17. Bb2 Bd8 18. Nc4 b5 19. Nd6 Bb6+ 20. Kf1 f5 21. Nd4
c5 22. Ne6 Rfb8 23. g4 cxb4 24. Nxf5 bxc3 25. Bxe4 cxb2 26. Rab1 Nc7 27. Bxa8
Rxa8 28. Nexg7 Ne8 29. Nh5 Bxf5 30. gxf5 Rc8 31. Rxb2 Rc5 32. Re2 Bc7 33. Rd7
Kf8 34. Nf4 Ng7 35. Rxg7 Rc1+ 36. Kg2 Kxg7 37. f6+ Kf7 38. e6+ Kxf6 39. e7 1-0

[Event "Polar Capital Jersey op"]
[Site "St Helier"]
[Date "2018.04.05"]
[Round "7.2"]
[White "Hillarp Persson, Tiger"]
[Black "Vakhidov, Jakhongir"]
[Result "1-0"]
[WhiteElo "2541"]
[BlackElo "2542"]
[PlyCount "149"]
[EventDate "2018.03.31"]
[EventType "swiss"]
[EventRounds "9"]
[EventCountry "JCI"]

1. d4 d6 2. c4 e5 3. Nc3 exd4 4. Qxd4 Nc6 5. Qd2 Be6 6. b3 Nf6 7. e4 g6 8. Bb2
Bg7 9. Nge2 O-O 10. Ng3 Ng4 11. Be2 Qh4 12. Bxg4 Qxg4 13. O-O Qh4 14. f4 Qh6
15. Rae1 Rac8 16. Nd5 f6 17. Bc3 Rf7 18. Qb2 Rcf8 19. f5 Bxd5 20. exd5 Ne5 21.
Bd2 g5 22. Re4 Bh8 23. Ne2 Re7 24. Qc2 c5 25. dxc6 bxc6 26. Nd4 Rfe8 27. Ne6
Rxe6 28. fxe6 Qg6 29. Bc3 Rxe6 30. Re2 Qxc2 31. Rxc2 Bg7 32. Bd4 c5 33. Bc3 h5
34. Rd2 Kf7 35. h3 h4 36. Rd5 Kg6 37. Bxe5 dxe5 38. Rxc5 f5 39. Rc1 e4 40. Kf1
f4 41. Rd5 g4 42. hxg4 Bf6 43. c5 h3 44. gxh3 f3 45. Kf2 Bg5 46. Rxg5+ Kxg5 47.
Ke3 Kh4 48. c6 Re8 49. c7 Rc8 50. Kxe4 f2 51. Kf3 Rxc7 52. Rf1 Rc3+ 53. Kg2
Rxh3 54. Rxf2 Rg3+ 55. Kf1 Kxg4 56. Ke2 Rh3 57. Kd2 Kg3 58. Re2 Kf4 59. Kc2 Kf3
60. Re7 Rh2+ 61. Kb1 a5 62. Ra7 Rh5 63. Kb2 Ke4 64. Ka3 Kd3 65. Ka4 Kc2 66.
Rxa5 Rh8 67. b4 Kb2 68. Ra7 Kxa2 69. b5 Rh4+ 70. Ka5 Kb3 71. b6 Rh5+ 72. Ka6
Kb4 73. Rg7 Ra5+ 74. Kb7 Ra1 75. Rg5 1-0

[Event "Polar Capital Jersey op"]
[Site "St Helier"]
[Date "2018.04.05"]
[Round "7.3"]
[White "Wadsworth, Matthew J"]
[Black "Pruijssers, Roeland"]
[Result "0-1"]
[WhiteElo "2354"]
[BlackElo "2523"]
[PlyCount "124"]
[EventDate "2018.03.31"]
[EventType "swiss"]
[EventRounds "9"]
[EventCountry "JCI"]

1. c4 f5 2. g3 Nf6 3. Bg2 g6 4. Nc3 Bg7 5. d3 O-O 6. e4 fxe4 7. dxe4 d6 8. Nge2
c5 9. O-O Nc6 10. h3 e5 11. Nd5 Be6 12. Bg5 Qd7 13. Kh2 Nh5 14. Qd2 Rf7 15. f3
Raf8 16. h4 Nd4 17. Nxd4 exd4 18. Bh6 b5 19. Bxg7 Kxg7 20. b3 bxc4 21. bxc4 Qa4
22. Rac1 Nf6 23. Qe2 Re8 24. Nxf6 Rxf6 25. f4 h5 26. Rf2 Qa3 27. Qc2 Rb8 28.
Bf1 Rf7 29. Bd3 Rfb7 30. Qd2 Rb2 31. Rc2 Rxc2 32. Qxc2 Qc3 33. f5 Qxc2 34. Rxc2
gxf5 35. exf5 Bf7 36. Kg2 Kf6 37. Kf3 Rb1 38. Kf4 Re1 39. Be2 Be8 40. Rb2 Bc6
41. g4 hxg4 42. Bxg4 Re4+ 43. Kg3 d3 44. Rd2 Rd4 45. h5 Kg5 46. Bd1 Be4 47. f6
Kxf6 48. Rh2 Rxc4 49. Rh4 d5 50. h6 Bh7 51. Rh5 Rd4 52. Kf2 c4 53. Ke3 Re4+ 54.
Kd2 d4 55. Rc5 c3+ 56. Kxd3 Rh4+ 57. Kc4 c2 58. Bxc2 d3+ 59. Kc3 dxc2 60. Rc6+
Ke5 61. Kb2 Rb4+ 62. Ka3 Rb1 0-1

[Event "Polar Capital Jersey op"]
[Site "St Helier"]
[Date "2018.04.05"]
[Round "7.4"]
[White "Hebden, Mark L"]
[Black "Arkell, Keith C"]
[Result "0-1"]
[WhiteElo "2454"]
[BlackElo "2413"]
[PlyCount "98"]
[EventDate "2018.03.31"]
[EventType "swiss"]
[EventRounds "9"]
[EventCountry "JCI"]

1. d4 Nf6 2. Nf3 d5 3. c4 c6 4. e3 Bf5 5. Nc3 e6 6. Nh4 Bg6 7. Nxg6 hxg6 8. a3
Bd6 9. g3 Nbd7 10. Bd2 a6 11. c5 Bc7 12. f4 g5 13. Qf3 gxf4 14. gxf4 Ng8 15.
O-O-O b6 16. e4 bxc5 17. exd5 exd5 18. Bh3 Ngf6 19. Rde1+ Kf8 20. Bxd7 Qxd7 21.
dxc5 Rh3 22. Qg2 Qg4 23. Qf2 Rf3 24. h3 Rxf2 25. hxg4 Bxf4 26. Bxf4 Rxf4 27. g5
Ng8 28. g6 fxg6 29. Ne2 Rf6 30. Nd4 Kf7 31. Rh8 Rf8 32. Kc2 g5 33. Kc3 g4 34.
Rh5 Nh6 35. Rhe5 Kg6 36. Rg1 Rf1 37. Rxf1 Rxf1 38. Nxc6 g3 39. Re2 Rc1+ 40. Kd4
Nf5+ 41. Kxd5 Kh5 42. Nb4 g2 43. Rxg2 Ne3+ 44. Kd6 Nxg2 45. c6 Ne3 46. Nd3 Nf5+
47. Kc7 Rd1 48. Nc5 g5 49. Kb6 Ne7 0-1

[Event "Polar Capital Jersey op"]
[Site "St Helier"]
[Date "2018.04.05"]
[Round "7.5"]
[White "Vogt, Lothar"]
[Black "L'Ami, Alina"]
[Result "1/2-1/2"]
[WhiteElo "2402"]
[BlackElo "2306"]
[PlyCount "57"]
[EventDate "2018.03.31"]
[EventType "swiss"]
[EventRounds "9"]
[EventCountry "JCI"]

1. e4 c5 2. Nf3 d6 3. d4 cxd4 4. Nxd4 Nf6 5. Nc3 a6 6. Bg5 Nbd7 7. Bc4 Qa5 8.
Qd2 e6 9. Bb3 Be7 10. O-O Nc5 11. f3 Bd7 12. Rad1 Rc8 13. a3 b5 14. Ba2 Qc7 15.
Rc1 O-O 16. b4 Nb7 17. Nce2 h6 18. Be3 d5 19. exd5 e5 20. Nc6 Bxc6 21. dxc6
Rcd8 22. Qc3 Nd6 23. Qxe5 Rfe8 24. Qc3 Nf5 25. Bf4 Bd6 26. Bxd6 Rxd6 27. Ng3
Nxg3 28. hxg3 Rxc6 29. Qd2 1/2-1/2

[Event "Polar Capital Jersey op"]
[Site "St Helier"]
[Date "2018.04.05"]
[Round "7.6"]
[White "Williams, Simon K"]
[Black "Ahluwalia, Amardip"]
[Result "1-0"]
[WhiteElo "2460"]
[BlackElo "2052"]
[PlyCount "75"]
[EventDate "2018.03.31"]
[EventType "swiss"]
[EventRounds "9"]
[EventCountry "JCI"]

1. c4 Nf6 2. Nc3 e6 3. e4 d5 4. e5 d4 5. exf6 dxc3 6. bxc3 Qxf6 7. d4 e5 8. Nf3
Nd7 9. Bd3 h6 10. O-O Be7 11. Re1 O-O 12. Qe2 Bd8 13. dxe5 Qe7 14. Nd4 Re8 15.
f4 Nf8 16. f5 c6 17. Bf4 Bd7 18. Qf2 Rc8 19. Rab1 b6 20. Re3 c5 21. Nc2 Qh4 22.
Rg3 Bg5 23. Bxg5 hxg5 24. Re1 Qf4 25. Rf3 Qh4 26. Qe2 Qh5 27. Qe3 g4 28. Rf4 g5
29. Rf2 Ba4 30. Qg3 Rcd8 31. Re4 Nh7 32. Ne1 Bc6 33. Re3 Nf8 34. Be2 Nh7 35.
Bxg4 Qh6 36. h3 Qh4 37. Qxh4 gxh4 38. Bf3 1-0

[Event "Polar Capital Jersey op"]
[Site "St Helier"]
[Date "2018.04.05"]
[Round "7.7"]
[White "House, Glenn L"]
[Black "Eggleston, David J"]
[Result "1/2-1/2"]
[WhiteElo "2188"]
[BlackElo "2409"]
[PlyCount "111"]
[EventDate "2018.03.31"]
[EventType "swiss"]
[EventRounds "9"]
[EventCountry "JCI"]

1. e4 c5 2. Nf3 d6 3. g3 Nf6 4. d3 g6 5. Bg2 Bg7 6. O-O Bg4 7. h3 Bxf3 8. Qxf3
Nc6 9. c3 O-O 10. Be3 Nd7 11. Nd2 b5 12. Rfc1 b4 13. Qd1 Rc8 14. a3 bxc3 15.
bxc3 Nb6 16. Rab1 e6 17. a4 Qd7 18. Bf1 Qe7 19. Rb5 Rc7 20. a5 Nd7 21. a6 Rfc8
22. Qb3 Nb6 23. Nf3 Nb8 24. Qa3 N8d7 25. Bg2 Qe8 26. Rbb1 d5 27. exd5 Nxd5 28.
Bd2 N5b6 29. Bf4 e5 30. Re1 Qd8 31. Bg5 Qf8 32. c4 Re8 33. Re2 Kh8 34. Rbe1 f5
35. Bd2 e4 36. Bc3 Nf6 37. Bxf6 Qxf6 38. dxe4 Qc3 39. Qxc3 Bxc3 40. exf5 Rxe2
41. Rxe2 gxf5 42. Ng5 Rd7 43. Bf1 Bf6 44. h4 h6 45. Ne6 Nxc4 46. Nxc5 Rd1 47.
Re8+ Kg7 48. Kg2 Nd2 49. Be2 Re1 50. Ne6+ Kh7 51. Bh5 Ra1 52. Nf8+ Kg7 53. Ne6+
Kh7 54. Nf8+ Kg7 55. Ne6+ Kh7 56. Nf8+ 1/2-1/2